LEADER 00836nam a2200217 i 4500 001 000000194167 003 CaOOAMICUS 005 20101106000000.0 008 101106s1923 it u000 u fre u 013 $a172814 040 $aSeMil$bita 100 1 $aBaunard, Louis Pierre André <1828-1919>.$0(OLS)http://semarc/name/22709 245 10$aHistoire de Saint Ambroise /$cpar Mgr Baunard. 250 $a4. éd. 260 $aParis :$bJ. de Gigord,$c1923. 300 $aXXXI, 478 p. ;$c21 cm. 600 04$aAmbrogio .$0(OLS)http://semarc/subject/356 850 $aSeMil 852 $aSeMil$W1$xVenegono$y1$m3J IV 120$j144741$B144741$CSeMilBibl$Z2$F156159 $81 996 $6245$aHistoire de Saint Ambroise$9(OLS)http://semarc/title/279955 996 $6260$aParis :$bJ. de Gigord$9(OLS)http://semarc/publisher/35518 LEADER 01118nam a2200253 i 4500 001 000000071036 003 CaOOAMICUS 005 20101025000000.0 008 101025s1997 it u000 u ita u 013 $a42208 040 $aSeMil$bita 100 1 $aGheddo, Piero .$0(OLS)http://semarc/name/89501 245 13$aIl vescovo del sorriso :$bDom Aristide Pirovano, una vita per la missione /$cPiero Gheddo e Raffaella Guzzeloni. 260 $aMilano :$bPIMEdit,$cstampa 1997. 300 $a199 p. :$bill. ;$c18 cm. 490 0 $aMinipagine ;$v7 600 14$aPirovano, Aristide .$0(OLS)http://semarc/subject/13999 700 1 $aGuzzeloni, Raffaella.$0(OLS)http://semarc/name/35341 830 0$aMinipagine ;$v7.$0(OLS)http://semarc/title/13459 850 $aSeMil 852 $aSeMil$W1$xVenegono$y1$m3J I 337$j37189$B37189$CSeMilBibl$Z2$F37192 $81 961 $aOmaggio: Donazione 996 $6245$aIl vescovo del sorriso :$bDom Aristide Pirovano, una vita per la missione$9(OLS)http://semarc/title/114174 996 $6260$aMilano :$bPIMEdit$9(OLS)http://semarc/publisher/32848